000 01979nam a22002297a 4500
003 0
005 20250106122429.0
008 250106b xxu||||| |||| 00| 0 eng d
020 _a9781032204765
050 _aPN 1991.7
_b.Qu85 2024
100 _aQuicke, Rob
_eauthor.
245 _aFinding your voice in radio, audio, and podcast production /
_cRob Quicke.
260 _aNew York, NY :
_bRoutledge,
_c2024.
300 _axii, 293 p. :
_bill. ;
_c24 cm.
504 _aIncludes bibliographical references and index.
520 _a"This book provides a unique identity-centered approach to radio, audio, and podcast production which encourages readers to build their confidence and create audio content that matters to them. Written for those just starting out in audio production and focusing on the process of their self-development rather than any end goals such as breaking into the radio industry, readers will learn how to use sound to express themselves in a variety of ways and to create powerful stories in the process - all with the tools already available to them. At the centre of this approach is the author's R.E.A.L. method, referring to the creation of audio that is relatable, engaging, authentic, and liberating. Students will learn to apply this concept to each step of the production process, from planning and writing through to interviewing, broadcasting, and responding to feedback. By the end of this book readers will have developed a working knowledge of podcast, audio, and radio production alongside their own means of self-expression. Supported by exercises and interviews with audio practitioners throughout, Finding Your Voice in Radio, Audio, and Podcast Production is a key resource for anyone approaching radio, audio, or podcasting for the first time"--Provided by publisher.
650 _aRadio authorship.
650 _aPodcasting.
650 _aSelf-actualization (Psychology).
650 _aExpression (Philosophy).
942 _2lcc
_cBK
999 _c366879
_d366879